00396nam a2200121Ia 45000010005000000080041000050820022000461000082000682450054001502600027002049010028002319990015002592361241024s9999 xx 000 0 und d aRD/342/R426l/1-12 aRepública Dominicana.Ministerio de Economía, Planificación y Desarrollo 0aLey 1-12 Estrategía Nacional de Desarrollo 2030 bEd. Alfa & Omegac2012 a14/8/2012 10:20:47 a.m. c9591d9591